00000000nam##2200000za#4500
0019.615055
003CaOODSP
00520200706133932
007ta
008150406|2000||||xxc|||||     f|0| 0 eng|d
020 |a0-660-18059-6
022 |a1200-5223
040 |aCaOODSP|beng
043 |an-cn---
0861 |aCS11-0019/144E
24500|aSocial transfers, earnings and low income intensity among Canadian children, 1981-96 : |bhighlighting recent developments in low-income measurement / |cby John Myles and Garnett Picot.
260 |aOttawa - Ontario : |bStatistics Canada. |c2000.
300 |a28p. : |breferences, tables ; |c28 cm.
4901 |aResearch paper series|x1200-5223|vNo. 144
500 |a"The objective of this paper is to review a low-income intensity measure that is a more useful instrument for analyzing low-income trends and the effect of the tax/transfer system than is the low-income rate. To demonstrate the advantages of the intensity measure, we focus on low-income among children."--Page 2.
5203 |aThe objective of this paper is to review a low-income intensity measure that is a more useful instrument for analyzing low-income trends and the effect of the tax/transfer system than is the low-income rate. To demonstrate the advantages of the intensity measure, we focus on low-income among children.--Page 2
563 |aSoftcover
590 |a00-16|b2000-04-20
7102 |aStatistics Canada. |bAnalytical Studies Branch.
7201 |aSweetman, Arthur
7201 |aMyles, John
77508|tTransferts sociaux, gains et intensité des faibles revenus dans les familles canadiennes avec des enfants, 1981 à 1996 : |w(CaOODSP)9.625217
7760#|tSocial transfers, earnings and low income intensity among Canadian children, 1981-96 : |w(CaOODSP)9.574668
830#0|aResearch paper series,|x1200-5223|vNo. 144|w(CaOODSP)9.514463